00387nam a2200121Ia 4500008004100000245012600041260001700167260000900184300000800193650002300201650001200224856002900236170516s9999 xx 000 0 und d aQuantitative Magnetic Particle Imaging Monitors the Transplantation, Biodistribution, and Clearance of Stem Cells In Vivo bTheranostics c2016 a6:3 xMedical Technology xMedtech uhttp://www.thno.org/v6i3